|
|
|
|
| LEADER |
01180nam a2200325 a 4500 |
| 001 |
000442516 |
| 003 |
CZ BrMZK |
| 005 |
20040409084749.0 |
| 007 |
ta |
| 008 |
010907s1999 xr f cze d |
| 015 |
|
|
|a cnb000768519
|
| 020 |
|
|
|a 80-7202-524-4
|
| 035 |
|
|
|a (OCoLC)43807847
|
| 040 |
|
|
|a BOA001
|b cze
|
| 080 |
|
|
|a 820(73)-31=850
|2 MRF
|
| 100 |
1 |
|
|a Castle, John
|7 mzk2004228336
|4 aut
|
| 245 |
1 |
0 |
|a Let do nebezpečí /
|c John Castle, Arthur Hailey ; [z angličtiny přeložil Vladimír Müller]
|
| 250 |
|
|
|a Vyd. 4. (v nakl. Ikar 1.).
|
| 260 |
|
|
|a Praha :
|b Ikar,
|c 1999
|
| 300 |
|
|
|a 149 s. ;
|c 21 cm
|
| 490 |
1 |
|
|a Návraty ;
|v sv. 2
|
| 655 |
|
7 |
|a americké romány
|7 fd131796
|2 czenas
|
| 700 |
1 |
|
|a Müller, Vladimír,
|d 1904-1977
|7 jk01082454
|4 trl
|
| 700 |
1 |
|
|a Hailey, Arthur,
|d 1920-2004
|7 jn19990003074
|4 aut
|
| 765 |
0 |
|
|t Flight into danger
|9 Česky
|
| 830 |
|
0 |
|a Návraty (Ikar)
|
| 856 |
4 |
1 |
|u http://www.digitalniknihovna.cz/mzk/uuid/uuid:96ead7f0-94c8-11e3-8e84-005056827e51
|y Digitalizovaný dokument
|x NDK
|
| 910 |
|
|
|a BOA001
|b 2-1064.926
|
| 990 |
|
|
|a BK
|
| 996 |
6 |
|
|b 2610103712
|c 2-1064.926
|l MZK
|r Sklad / do 1 hodiny
|n 8
|p p.v.
|w 000442516
|u 000010
|a 1
|e BOA001
|j MZK50
|s P
|